[Event "FIDE World Rapid Team"]
[Site "London ENG"]
[Date "2025.06.11"]
[Round "1.3"]
[White "Verbytski, Oleg"]
[Black "Cuenca Jimenez, Jose Fernando"]
[Result "0-1"]
[BlackTitle "GM"]
[WhiteElo "1994"]
[BlackElo "2487"]
[WhiteTeam "Chess Trust Accelerators"]
[BlackTeam "Duobeniajan Costa Calida ESJ"]
[WhiteFideId "495506"]
[BlackFideId "2255570"]
[EventDate "2025.06.11"]
[EventType "team"]

1. e4 c5 2. Nf3 Nc6 3. d4 cxd4 4. Nxd4 e5 5. Nb5 d6 6. N1c3 a6 7. Na3 Be7 8. Nd5
Nf6 9. Be3 Nxd5 10. exd5 Nd4 11. Bxd4 exd4 12. Qxd4 O-O 13. Be2 Bf6 14. Qb4 Re8
15. c3 Qe7 16. Qc4 Bf5 17. Kf1 Rac8 0-1

[Event "FIDE World Rapid Team"]
[Site "London ENG"]
[Date "2025.06.11"]
[Round "1.4"]
[White "Camacho Collados, Marcos"]
[Black "Dicen, Elis Denele"]
[Result "1-0"]
[WhiteTitle "IM"]
[BlackTitle "WFM"]
[WhiteElo "2462"]
[BlackElo "2136"]
[WhiteTeam "Duobeniajan Costa Calida ESJ"]
[BlackTeam "Chess Trust Accelerators"]
[WhiteFideId "2266237"]
[BlackFideId "462560"]
[EventDate "2025.06.11"]
[EventType "team"]

1. d4 d5 2. Nf3 Nf6 3. c3 e6 4. Bg5 Be7 5. Nbd2 c5 6. e3 O-O 7. Bd3 b6 8. Ne5
Ba6 9. Bxa6 Nxa6 10. Nc6 Qc7 11. Nxe7+ Qxe7 12. O-O e5 13. dxe5 Qxe5 14. Nf3 Qe6
15. Bxf6 gxf6 16. Qa4 Nb8 17. b4 Nd7 18. Rfd1 Ne5 19. Nxe5 fxe5 20. bxc5 bxc5
21. Rab1 Rfd8 22. h3 Kh8 23. Rb7 Rg8 24. Qd7 Rg7 25. Rxd5 Qf6 26. Qd6 Qxd6 27.
Rxd6 Rag8 28. g3 e4 29. Rxa7 Rb8 30. Rf6 h5 31. Rfxf7 Rg6 32. Rh7+ Kg8 33. Rxh5
c4 34. Rh4 Re6 35. Rc7 Rb1+ 36. Kg2 Rb2 37. Rg4+ Kh8 38. Rf4 Kg8 39. a4 Rd6 40.
Rxe4 Rd8 41. Rg4+ Kh8 42. Rc5 1-0

[Event "FIDE World Rapid Team"]
[Site "London ENG"]
[Date "2025.06.11"]
[Round "1.5"]
[White "Zhao, George"]
[Black "Khotenashvili, Bella"]
[Result "0-1"]
[WhiteTitle "CM"]
[BlackTitle "GM"]
[WhiteElo "2124"]
[BlackElo "2418"]
[WhiteTeam "Chess Trust Accelerators"]
[BlackTeam "Duobeniajan Costa Calida ESJ"]
[WhiteFideId "494607"]
[BlackFideId "13602640"]
[EventDate "2025.06.11"]
[EventType "team"]

1. d4 g6 2. c4 Bg7 3. Nf3 c5 4. d5 d6 5. g3 e6 6. Bg2 exd5 7. Qxd5 Nc6 8. Ng5
Qe7 9. Ne4 Be5 10. Bg5 f6 11. Bf4 Be6 12. Qd2 Rd8 13. Bxe5 dxe5 14. Qe3 Nd4 15.
Qc3 Bg4 16. e3 Nf3+ 17. Bxf3 Bxf3 18. O-O Bxe4 19. Nd2 Bc6 20. f4 Nh6 21. Rae1
O-O 22. e4 Rd4 23. Qc2 exf4 24. Rxf4 g5 25. Rf2 Ng4 26. Rfe2 Ne5 27. Rf1 Qd7 28.
Nb3 Rxc4 29. Qb1 Qg4 30. Rff2 Rxe4 31. Qc2 Rxe2 32. Rxe2 Qf3 33. Nxc5 Qh1+ 34.
Kf2 Ng4# 0-1

[Event "FIDE World Rapid Team"]
[Site "London ENG"]
[Date "2025.06.11"]
[Round "1.6"]
[White "Torres, Lucas"]
[Black "Kendall, Arthur"]
[Result "1/2-1/2"]
[WhiteElo "1897"]
[BlackElo "1883"]
[WhiteTeam "Duobeniajan Costa Calida ESJ"]
[BlackTeam "Chess Trust Accelerators"]
[WhiteFideId "1769464"]
[BlackFideId "343410960"]
[EventDate "2025.06.11"]
[EventType "team"]

1. e4 e6 2. d4 d5 3. Nc3 Nf6 4. Bg5 dxe4 5. Nxe4 Be7 6. Bxf6 gxf6 7. Nf3 f5 8.
Nc3 a6 9. Bc4 b5 10. Bb3 Nd7 11. Qd2 c5 12. dxc5 Nxc5 13. Qxd8+ Bxd8 14. O-O-O
Bf6 15. Nd4 Bb7 16. f3 Rd8 17. Nde2 Rxd1+ 18. Rxd1 Ke7 19. Kb1 Rd8 20. Rxd8 Kxd8
21. a3 Nxb3 22. cxb3 Ke7 23. Kc2 Kd6 24. Kd3 Be5 25. h3 h5 26. Ke3 h4 27. Kd3
Kc5 28. b4+ Kd6 29. Ke3 Bd5 30. Kd3 Bb3 31. Kd2 Bc4 32. Ke3 Bb3 33. Kd2 Bc4 34.
Ke3 Bxe2 35. Kxe2 Bxc3 36. bxc3 Kd5 37. Kd3 f4 38. a4 bxa4 39. c4+ Ke5 40. Kc3
a3 41. Kb3 Kd4 42. c5 Kd5 43. Kxa3 a5 44. bxa5 Kxc5 45. Kb3 Kb5 46. a6 Kxa6 47.
Kc4 Kb6 48. Kd4 f6 49. Ke4 e5 50. Kf5 Kc5 51. Kxf6 Kd4 52. Kf5 Kd5 53. Kg4 Kd4
54. Kxh4 Ke3 55. Kg4 Kf2 56. h4 Kxg2 57. h5 e4 58. h6 exf3 59. h7 f2 60. h8=Q
f1=Q 61. Qh3+ Kg1 62. Qxf1+ Kxf1 63. Kxf4 1/2-1/2

[Event "FIDE World Rapid Team"]
[Site "London ENG"]
[Date "2025.06.11"]
[Round "1.1"]
[White "Shirov, Alexei"]
[Black "Eilenberg, Jonas"]
[Result "1-0"]
[WhiteTitle "GM"]
[BlackTitle "FM"]
[WhiteElo "2620"]
[BlackElo "2316"]
[WhiteTeam "Global Ramblers"]
[BlackTeam "Berlin Lasker Legends"]
[WhiteFideId "2209390"]
[BlackFideId "16204271"]
[EventDate "2025.06.11"]
[EventType "team"]

1. e4 e5 2. Nf3 Nc6 3. Bb5 a6 4. Ba4 Nf6 5. O-O Be7 6. d3 b5 7. Bb3 d6 8. a4 Bd7
9. Bd2 O-O 10. h3 Rb8 11. axb5 axb5 12. Nc3 h6 13. Nd5 Re8 14. c3 Bf8 15. Ne3
Ra8 16. Qe2 Be6 17. Bxe6 Rxe6 18. Nd5 Ne8 19. d4 Na5 20. Qxb5 c6 21. Qb6 exd4
22. Nxd4 Rxe4 23. Qxd8 Rxd8 24. Rxa5 cxd5 25. f3 Rh4 26. g4 h5 27. Bg5 1-0

[Event "FIDE World Rapid Team"]
[Site "London ENG"]
[Date "2025.06.11"]
[Round "1.2"]
[White "Yatskar, Martin"]
[Black "Dudin, Gleb"]
[Result "0-1"]
[WhiteTitle "CM"]
[BlackTitle "GM"]
[WhiteElo "2225"]
[BlackElo "2574"]
[WhiteTeam "Berlin Lasker Legends"]
[BlackTeam "Global Ramblers"]
[WhiteFideId "34109676"]
[BlackFideId "34184934"]
[EventDate "2025.06.11"]
[EventType "team"]

1. d4 Nf6 2. c4 e6 3. Nc3 Bb4 4. Qc2 Qe7 5. Nf3 d6 6. Bd2 O-O 7. a3 Bxc3 8. Bxc3
Nbd7 9. e3 b6 10. Be2 Bb7 11. b4 Ne4 12. Bb2 f5 13. O-O Rf6 14. d5 e5 15. Bd3
Raf8 16. Rad1 Rh6 17. g3 Ndf6 18. h4 Rg6 19. Ng5 Nxg5 20. hxg5 Rxg5 21. Bxf5 Bc8
22. Bxc8 Rxc8 23. Kg2 Ng4 24. Qe4 Nf6 25. Qc2 Nh5 26. c5 Rf8 27. cxd6 cxd6 28.
Rc1 Qf7 29. Qd1 Qg6 30. Qc2 e4 31. Qe2 h6 32. Rc7 Rf3 0-1

[Event "FIDE World Rapid Team"]
[Site "London ENG"]
[Date "2025.06.11"]
[Round "1.3"]
[White "Shabalov, Alexander"]
[Black "Kunz, Andre"]
[Result "1-0"]
[WhiteTitle "GM"]
[BlackTitle "CM"]
[WhiteElo "2483"]
[BlackElo "2128"]
[WhiteTeam "Global Ramblers"]
[BlackTeam "Berlin Lasker Legends"]
[WhiteFideId "2008572"]
[BlackFideId "24623652"]
[EventDate "2025.06.11"]
[EventType "team"]

1. e4 c6 2. d4 d5 3. e5 c5 4. dxc5 e6 5. a3 Bxc5 6. b4 Be7 7. Nf3 a5 8. b5 Nd7
9. c4 dxc4 10. Nbd2 Nb6 11. Bb2 Bd7 12. Nxc4 Nxc4 13. Bxc4 Qb6 14. O-O Rd8 15.
Rc1 Bc6 16. Bd4 Bxf3 17. Bxb6 Rxd1 18. Rcxd1 Bxd1 19. Rxd1 a4 20. Bc7 Nh6 21. b6
O-O 22. h3 Nf5 23. g4 Nh4 24. Ba6 bxa6 25. b7 Bc5 26. Rc1 Ba7 27. Bd6 1-0

[Event "FIDE World Rapid Team"]
[Site "London ENG"]
[Date "2025.06.11"]
[Round "1.4"]
[White "Stein, Theodor"]
[Black "Reprintsev, Alexander"]
[Result "0-1"]
[BlackTitle "IM"]
[WhiteElo "1877"]
[BlackElo "2256"]
[WhiteTeam "Berlin Lasker Legends"]
[BlackTeam "Global Ramblers"]
[WhiteFideId "34602801"]
[BlackFideId "14100541"]
[EventDate "2025.06.11"]
[EventType "team"]

1. Nf3 d5 2. g3 Nc6 3. d4 Bf5 4. Bg2 Nb4 5. Na3 e6 6. O-O h6 7. c3 Nc6 8. Nc2
Nf6 9. Bf4 Bd6 10. Ne5 O-O 11. Nxc6 bxc6 12. Bxd6 cxd6 13. Ne1 a5 14. Qa4 Qb6
15. Nd3 Rfc8 16. b4 Qb5 17. Qxb5 cxb5 18. Rfc1 Bxd3 19. exd3 axb4 20. cxb4 Rxc1+
21. Rxc1 Rxa2 22. Rc8+ Kh7 23. Rb8 Ng4 24. f4 Ra1+ 25. Bf1 Ne3 26. Kf2 Nxf1 27.
h3 Nd2 28. Rxb5 Nb3 29. Rb7 f5 30. Rb6 Nxd4 31. Rxd6 Ra2+ 32. Ke3 Nc2+ 33. Kd2
d4 34. b5 Na3+ 35. Ke1 Nxb5 36. Rxe6 Rg2 37. Rb6 Nc3 38. Rd6 Rxg3 39. Rxd4 Rxh3
40. Kd2 Nb5 41. Rd5 Nc7 42. Rxf5 Ne6 43. Rf7 Nc5 44. f5 Rxd3+ 45. Ke2 Rd6 46.
Ke3 Rf6 47. Re7 Rxf5 48. Ke2 h5 49. Re3 h4 50. Rh3 g5 51. Ke3 Kg6 52. Rh1 Kh5
53. Ra1 h3 54. Ra8 Kg4 55. Rh8 Kg3 0-1

[Event "FIDE World Rapid Team"]
[Site "London ENG"]
[Date "2025.06.11"]
[Round "1.5"]
[White "Zatonskih, Anna"]
[Black "Ho, Ngoc Hai-Dang"]
[Result "1-0"]
[WhiteTitle "IM"]
[WhiteElo "2306"]
[BlackElo "1932"]
[WhiteTeam "Global Ramblers"]
[BlackTeam "Berlin Lasker Legends"]
[WhiteFideId "14101572"]
[BlackFideId "16206509"]
[EventDate "2025.06.11"]
[EventType "team"]

1. d4 Nf6 2. Nf3 d5 3. c4 e6 4. g3 Be7 5. Bg2 O-O 6. O-O c5 7. dxc5 Bxc5 8. Nc3
dxc4 9. Qxd8 Rxd8 10. Ne5 Nc6 11. Nxc6 bxc6 12. Bxc6 Rb8 13. Bf4 Bd6 14. Rfd1
Rb6 15. Bb5 Nd5 16. Nxd5 exd5 17. Rxd5 Be6 18. Rxd6 Rdxd6 19. Bxd6 Rxb5 20. Rd1
Rd5 21. Rxd5 Bxd5 22. f3 f5 23. Kf2 Kf7 24. Ke3 Ke8 25. Kd4 Bf7 26. Ke5 Kd7 27.
Bc5 a5 28. Kxf5 a4 29. Bd4 c3 30. Bxc3 Bxa2 31. Bxg7 Ke7 32. Bc3 Bb1+ 33. e4 Bd3
34. f4 Bc2 35. g4 Kf7 36. h4 Bd3 37. h5 Be2 38. Kg5 Bf3 39. e5 Be2 40. f5 Bf3
41. e6+ Ke8 42. f6 1-0

[Event "FIDE World Rapid Team"]
[Site "London ENG"]
[Date "2025.06.11"]
[Round "1.6"]
[White "Schuster, Rebekka"]
[Black "Volkov, Leonid"]
[Result "1/2-1/2"]
[WhiteElo "1806"]
[BlackElo "1828"]
[WhiteTeam "Berlin Lasker Legends"]
[BlackTeam "Global Ramblers"]
[WhiteFideId "24674095"]
[BlackFideId "12848140"]
[EventDate "2025.06.11"]
[EventType "team"]

1. e4 e5 2. Nf3 Nc6 3. Bc4 Nf6 4. d3 Be7 5. c3 d6 6. Nbd2 O-O 7. Nf1 a6 8. Bb3
Bg4 9. h3 Bxf3 10. Qxf3 Na5 11. Bc2 d5 12. exd5 Qxd5 13. Qg3 Nh5 14. Qg4 Nf6 15.
Qg3 Nh5 16. Qg4 1/2-1/2

[Event "FIDE World Rapid Team"]
[Site "London ENG"]
[Date "2025.06.11"]
[Round "1.1"]
[White "Grahn, Vidar"]
[Black "Navara, David"]
[Result "1-0"]
[WhiteTitle "FM"]
[BlackTitle "GM"]
[WhiteElo "2239"]
[BlackElo "2657"]
[WhiteTeam "Uppsala SSS"]
[BlackTeam "Hetman GKS Katowice"]
[WhiteFideId "1744780"]
[BlackFideId "309095"]
[EventDate "2025.06.11"]
[EventType "team"]

1. d4 Nf6 2. c4 e6 3. Nf3 b6 4. g3 Ba6 5. Nbd2 d5 6. cxd5 exd5 7. Bg2 Be7 8. O-O
O-O 9. Ne5 Bb7 10. Nb1 Re8 11. Nc3 Nbd7 12. Qa4 Nf8 13. Nc6 Qd6 14. Nxe7+ Qxe7
15. Bg5 c6 16. e4 Ne6 17. Bxf6 Qxf6 18. exd5 Nxd4 19. Ne4 Qe5 20. f4 Ne2+ 21.
Kh1 Qh5 22. dxc6 Rxe4 23. Bxe4 Nxg3+ 24. Kg2 Nxf1 25. cxb7 Ne3+ 26. Kh1 Rf8 27.
Qa3 Qc5 28. Qxc5 bxc5 29. Rc1 Rd8 30. Kg1 f5 31. Rxc5 Kf7 32. Rc8 Rd1+ 33. Kf2
Ng4+ 34. Ke2 1-0

[Event "FIDE World Rapid Team"]
[Site "London ENG"]
[Date "2025.06.11"]
[Round "1.2"]
[White "Klimkowski, Jan"]
[Black "Strom-Engdahl, Alexander"]
[Result "1-0"]
[WhiteTitle "GM"]
[BlackTitle "FM"]
[WhiteElo "2508"]
[BlackElo "2320"]
[WhiteTeam "Hetman GKS Katowice"]
[BlackTeam "Uppsala SSS"]
[WhiteFideId "21856222"]
[BlackFideId "1741586"]
[EventDate "2025.06.11"]
[EventType "team"]

1. d4 g6 2. e4 Bg7 3. h3 d6 4. Nc3 a6 5. a4 b6 6. Nf3 Bb7 7. Bc4 Nf6 8. Qe2 e6
9. O-O O-O 10. Ba2 d5 11. e5 Ne4 12. Nh2 h5 13. Nxe4 dxe4 14. Rd1 Nd7 15. Nf1
Qe7 16. Ng3 c5 17. c3 cxd4 18. cxd4 Qb4 19. Bd2 Qxb2 20. Qe3 Rac8 21. Bb3 Nxe5
22. dxe5 Qxe5 23. Qxb6 Rb8 24. Rab1 Bd5 25. Qe3 Bxb3 26. Rxb3 Bh6 27. Qc3 Qxc3
28. Rxc3 Rfd8 29. Nxe4 f5 30. Rcc1 Bxd2 31. Nxd2 Rd4 32. Nf3 Rxd1+ 33. Rxd1 Rb4
34. Rd6 Rxa4 35. Rxe6 Kf7 36. Rb6 Ra1+ 37. Kh2 a5 38. Ne5+ Ke7 39. Nxg6+ Kd7 40.
Rb5 Kc6 41. Rxf5 Kb6 42. Rxh5 a4 43. Ne5 Kc5 44. Nd3+ Kd4 45. Nb4 Kc3 46. Rb5 a3
47. h4 Rb1 48. Nd5+ Kc2 49. Rxb1 Kxb1 50. Nb4 1-0

[Event "FIDE World Rapid Team"]
[Site "London ENG"]
[Date "2025.06.11"]
[Round "1.3"]
[White "Frank, Anton"]
[Black "Seemann, Jakub"]
[Result "0-1"]
[WhiteTitle "CM"]
[BlackTitle "IM"]
[WhiteElo "2183"]
[BlackElo "2450"]
[WhiteTeam "Uppsala SSS"]
[BlackTeam "Hetman GKS Katowice"]
[WhiteFideId "1752383"]
[BlackFideId "21874697"]
[EventDate "2025.06.11"]
[EventType "team"]

1. e4 c6 2. d4 d5 3. e5 Bf5 4. Nf3 e6 5. Be2 Nd7 6. O-O a5 7. c3 a4 8. Be3 h6 9.
Ne1 Ne7 10. Na3 Bh7 11. Nac2 Nf5 12. Bd3 c5 13. f4 Qb6 14. Bf2 Qxb2 15. Rb1 Qxc3
16. Bb5 Ra7 17. g4 Ne7 18. dxc5 Nc6 19. Rc1 Qa5 20. Nd4 Nxd4 21. Bxd7+ Kxd7 22.
Qxd4 Ra6 23. Nd3 Be7 24. Nb4 h5 25. Rfd1 Rd8 26. gxh5 Rc6 27. Nxc6 bxc6 28. Qc3
Qa6 29. Rd4 Bf5 30. Rb4 Qe2 31. Rb7+ Ke8 32. Qg3 Kf8 33. Re1 Qxh5 34. Bd4 Bh4
35. Qe3 Qg4+ 36. Kf1 Bxe1 37. Kxe1 Qg2 38. Qf2 Qe4+ 39. Kf1 Qd3+ 40. Kg1 Qd1+
41. Kg2 Be4+ 42. Kh3 g5 43. Kg3 Qh5 44. h3 Bf5 45. Qg2 Qh4+ 0-1

[Event "FIDE World Rapid Team"]
[Site "London ENG"]
[Date "2025.06.11"]
[Round "1.4"]
[White "Cieslak, Patryk"]
[Black "Nilsson, Oliver"]
[Result "1-0"]
[WhiteTitle "FM"]
[WhiteElo "2442"]
[BlackElo "2129"]
[WhiteTeam "Hetman GKS Katowice"]
[BlackTeam "Uppsala SSS"]
[WhiteFideId "21078882"]
[BlackFideId "1730177"]
[EventDate "2025.06.11"]
[EventType "team"]

1. e4 c5 2. Nf3 e6 3. d4 cxd4 4. Nxd4 Nc6 5. Nc3 a6 6. a3 Qc7 7. Be3 b5 8. Nxc6
Qxc6 9. h4 Nf6 10. e5 Ne4 11. Nxe4 Qxe4 12. Qf3 Qxf3 13. gxf3 Bb7 14. Be2 Rc8
15. O-O-O Bd5 16. Rhg1 Bc4 17. Bd3 Be7 18. Be4 Bxh4 19. Rxg7 Ke7 20. Rg4 f5 21.
Bxf5 exf5 22. Rxh4 Be2 23. Bg5+ Ke8 24. Re1 Bxf3 25. Bf6 Rg8 26. Rxh7 Be4 27. c3
a5 28. Re7+ Kf8 29. Rxd7 b4 30. axb4 axb4 31. e6 bxc3 32. bxc3 Rb8 33. Kd2 Rg6
34. e7+ Kf7 35. Rd8 Rg8 36. Bh4 Rb2+ 37. Ke3 Bc6 38. Rd6 Rg4 39. Rd4 Re4+ 40.
Rxe4 fxe4 41. Kd4 Rb5 42. Rg1 Rd5+ 43. Kc4 Rh5 44. Rg4 Bd5+ 45. Kd4 Be6 46. Rxe4
Rd5+ 47. Ke3 1-0

[Event "FIDE World Rapid Team"]
[Site "London ENG"]
[Date "2025.06.11"]
[Round "1.5"]
[White "Ostensson, Julia"]
[Black "Tsatsalashvili, Keti"]
[Result "0-1"]
[BlackTitle "WGM"]
[WhiteElo "1996"]
[BlackElo "2305"]
[WhiteTeam "Uppsala SSS"]
[BlackTeam "Hetman GKS Katowice"]
[WhiteFideId "1747703"]
[BlackFideId "13603434"]
[EventDate "2025.06.11"]
[EventType "team"]

1. d4 Nf6 2. c4 e6 3. Nf3 b6 4. g3 Ba6 5. Qb3 d5 6. cxd5 exd5 7. Bg2 Be7 8. Nc3
c6 9. O-O Nbd7 10. Bf4 O-O 11. Rac1 Bb7 12. Rfd1 a5 13. Ne5 Nxe5 14. dxe5 Nd7
15. e4 Nc5 16. Qc2 d4 17. Be3 dxe3 18. Rxd8 exf2+ 19. Kh1 Raxd8 20. Rd1 b5 21.
Ne2 Rxd1+ 22. Qxd1 Rd8 23. Qc2 Nd3 24. Nf4 Nxf4 25. gxf4 Bh4 26. f5 c5 27. Qe2
c4 28. Qg4 Be7 29. f6 Bf8 30. Qe2 g6 31. Qxf2 Rd1+ 32. Bf1 Bxe4+ 33. Kg1 Bd3 34.
e6 Bxf1 35. Qc2 Bc5+ 36. Kh1 Ra1 37. h4 Bd3+ 38. Kh2 Bxc2 39. e7 Re1 0-1

[Event "FIDE World Rapid Team"]
[Site "London ENG"]
[Date "2025.06.11"]
[Round "1.6"]
[White "Smolinski, Wojciech"]
[Black "Letoret, Tim"]
[Result "0-1"]
[WhiteElo "1987"]
[BlackElo "1907"]
[WhiteTeam "Hetman GKS Katowice"]
[BlackTeam "Uppsala SSS"]
[WhiteFideId "21088683"]
[BlackFideId "269638"]
[EventDate "2025.06.11"]
[EventType "team"]

1. e4 c6 2. Nf3 d5 3. Nc3 dxe4 4. Nxe4 Nf6 5. Qe2 Nxe4 6. Qxe4 Nd7 7. d4 Nf6 8.
Qf4 Nd5 9. Qd2 Bf5 10. Bd3 Bxd3 11. Qxd3 e6 12. O-O Be7 13. c4 Nb6 14. Rd1 O-O
15. Bf4 Bf6 16. Qe2 Qe7 17. c5 Nc8 18. Qe4 Rd8 19. h3 Rd5 20. Ne5 Qd8 21. Rd3
Ne7 22. Rad1 Bxe5 23. Bxe5 Ng6 24. Bg3 Qd7 25. Bd6 Rd8 26. Kh2 Ne7 27. Bxe7 Qxe7
28. b4 Qd7 29. a4 e5 30. Re1 Rxd4 31. Rxd4 Qxd4 32. Qxe5 Qxe5+ 33. Rxe5 Kf8 34.
b5 Rd4 35. a5 cxb5 36. Kg3 b4 37. a6 bxa6 38. c6 Rc4 39. c7 Rxc7 40. Ra5 Rc6 41.
Kf3 b3 42. Ra1 b2 43. Rb1 Rb6 44. Ke3 a5 45. Kd3 a4 46. Kc2 a3 0-1

[Event "FIDE World Rapid Team"]
[Site "London ENG"]
[Date "2025.06.11"]
[Round "1.1"]
[White "Hong, Andrew"]
[Black "O'Gorman, Tom"]
[Result "1-0"]
[WhiteTitle "GM"]
[BlackTitle "IM"]
[WhiteElo "2589"]
[BlackElo "2379"]
[WhiteTeam "FIDE MB Team"]
[BlackTeam "Oxbridge"]
[WhiteFideId "2099438"]
[BlackFideId "2508249"]
[EventDate "2025.06.11"]
[EventType "team"]

1. d4 d5 2. c4 e6 3. Nc3 Nf6 4. cxd5 exd5 5. Bg5 c6 6. e3 Bd6 7. Bd3 O-O 8. Nf3
Re8 9. O-O h6 10. Bh4 Be6 11. Ne5 c5 12. f4 Nc6 13. f5 Bc8 14. Nxd5 Nxe5 15.
Nxf6+ gxf6 16. dxe5 Bxe5 17. Qg4+ Kh7 18. Bc4 Qe7 19. Qh5 Rf8 20. Rf3 b5 21. Rh3
Kg7 22. Qxh6+ 1-0

[Event "FIDE World Rapid Team"]
[Site "London ENG"]
[Date "2025.06.11"]
[Round "1.2"]
[White "Sivakumar, Ashvin"]
[Black "Short, Nigel D"]
[Result "0-1"]
[WhiteTitle "FM"]
[BlackTitle "GM"]
[WhiteElo "2175"]
[BlackElo "2587"]
[WhiteTeam "Oxbridge"]
[BlackTeam "FIDE MB Team"]
[WhiteFideId "5804655"]
[BlackFideId "400025"]
[EventDate "2025.06.11"]
[EventType "team"]

1. d4 Nf6 2. Nf3 b6 3. g3 Bb7 4. Bg2 c5 5. dxc5 bxc5 6. c4 g6 7. b3 Qa5+ 8. Bd2
Qb6 9. Bc3 Bg7 10. O-O O-O 11. Nbd2 d6 12. Qc2 a5 13. Rab1 Nc6 14. Rfe1 Rfe8 15.
Qb2 e5 16. Nf1 h6 17. N3d2 Nd4 18. Bxb7 Qxb7 19. Ne3 h5 20. Ng2 Ra6 21. Bxd4
exd4 22. Nf4 Raa8 23. Qc2 Bh6 24. Nd3 Re6 25. Nf3 Ne4 26. Rb2 Rae8 27. a3 Nc3 0-1

[Event "FIDE World Rapid Team"]
[Site "London ENG"]
[Date "2025.06.11"]
[Round "1.3"]
[White "Bologan, Victor"]
[Black "Goh, Jinghan Cameron"]
[Result "1-0"]
[WhiteTitle "GM"]
[WhiteElo "2601"]
[BlackElo "2178"]
[WhiteTeam "FIDE MB Team"]
[BlackTeam "Oxbridge"]
[WhiteFideId "13900048"]
[BlackFideId "5804540"]
[EventDate "2025.06.11"]
[EventType "team"]

1. e4 c5 2. d3 Nc6 3. f4 e6 4. Nf3 d5 5. Qe2 Nf6 6. g3 Be7 7. Bg2 b6 8. e5 Nd7
9. c4 dxc4 10. dxc4 Bb7 11. Nc3 Qc7 12. Be3 a6 13. O-O O-O 14. Rad1 Rfd8 15. h4
Rac8 16. h5 Nd4 17. Qf2 Nf5 18. Bc1 Nb8 19. g4 Nd4 20. Be3 Nbc6 21. b3 Nxf3+ 22.
Bxf3 Rxd1 23. Rxd1 Rd8 24. Rxd8+ Nxd8 25. Bxb7 Qxb7 26. Qg2 Qd7 27. Qe4 Nc6 28.
Kf2 h6 29. Ke2 b5 30. cxb5 Nd4+ 31. Bxd4 cxd4 32. Qc6 Qd8 33. Ne4 d3+ 34. Ke3
Bb4 35. Nf2 Ba5 36. Nxd3 axb5 37. Qxb5 Bc3 38. Qc4 Ba1 39. a4 Qh4 40. Nf2 Qg3+
41. Ke2 g5 42. hxg6 fxg6 43. Qxe6+ Kg7 44. Qe7+ Kg8 45. Qd8+ Kg7 46. Qf6+ Kh7
47. Qf7+ Kh8 48. Qc4 g5 49. Qc8+ Kg7 50. Qd7+ Kh8 51. Qd8+ Kg7 52. Qf6+ Kg8 53.
Qg6+ Kf8 54. Qxh6+ Ke8 55. Qg6+ Kd7 56. Qd3+ 1-0

[Event "FIDE World Rapid Team"]
[Site "London ENG"]
[Date "2025.06.11"]
[Round "1.4"]
[White "Gallagher, Daniel GH"]
[Black "Al-Mudahka, Mohd"]
[Result "1/2-1/2"]
[BlackTitle "GM"]
[WhiteElo "2251"]
[BlackElo "2542"]
[WhiteTeam "Oxbridge"]
[BlackTeam "FIDE MB Team"]
[WhiteFideId "436550"]
[BlackFideId "12100030"]
[EventDate "2025.06.11"]
[EventType "team"]

1. Nf3 Nf6 2. g3 g6 3. Bg2 Bg7 4. d4 O-O 5. O-O d6 6. Nc3 Nc6 7. d5 Na5 8. Nd4
Bd7 9. b3 Qc8 10. Bb2 c5 11. dxc6 Nxc6 12. e4 Bh3 13. Nd5 Nxd5 14. Bxh3 Qxh3 15.
exd5 Ne5 16. Qe2 Rac8 17. c4 a6 18. a4 h5 19. f4 Ng4 20. Rfe1 h4 21. Qg2 Qxg2+
22. Kxg2 hxg3 23. hxg3 Rfe8 24. Re2 e5 25. dxe6 fxe6 26. Rae1 e5 27. fxe5 Rxe5
28. Kf3 Nh2+ 29. Kg2 Ng4 30. Kf3 Nh2+ 31. Kg2 Ng4 32. Kf3 1/2-1/2

[Event "FIDE World Rapid Team"]
[Site "London ENG"]
[Date "2025.06.11"]
[Round "1.5"]
[White "Zhu, Chen"]
[Black "Hng, Mei-Xian Eunice"]
[Result "1-0"]
[WhiteTitle "GM"]
[BlackTitle "WFM"]
[WhiteElo "2423"]
[BlackElo "2066"]
[WhiteTeam "FIDE MB Team"]
[BlackTeam "Oxbridge"]
[WhiteFideId "8600546"]
[BlackFideId "5806585"]
[EventDate "2025.06.11"]
[EventType "team"]

1. e4 c5 2. d3 Nc6 3. f4 g6 4. Nf3 Bg7 5. Be2 d6 6. O-O Nf6 7. Qe1 e6 8. Nc3 a6
9. a4 Nd4 10. Bd1 O-O 11. a5 b5 12. axb6 Qxb6 13. Nxd4 cxd4 14. Na4 Qc7 15. Qh4
Rb8 16. Rf3 Qd8 17. Rh3 Rb5 18. g4 h6 19. g5 e5 20. gxf6 Bxh3 21. Qxh3 Qxf6 22.
c4 Rbb8 23. Qg3 Kh7 24. b3 Qe7 25. Ra2 f5 26. Rg2 Qf7 27. Rf2 fxe4 28. dxe4 Qe7
29. Nb2 exf4 30. Bxf4 Qxe4 31. Nd3 Be5 32. Bxe5 dxe5 33. Qxe5 Qxe5 34. Nxe5 Rxf2
35. Kxf2 Rf8+ 36. Nf3 g5 37. Ke2 Kg7 38. Nxd4 Rd8 39. Ne6+ 1-0

[Event "FIDE World Rapid Team"]
[Site "London ENG"]
[Date "2025.06.11"]
[Round "1.6"]
[White "Nayberg, Simona"]
[Black "Zaiarski, Stepan"]
[Result "0-1"]
[WhiteElo "1819"]
[BlackElo "1932"]
[WhiteTeam "Oxbridge"]
[BlackTeam "FIDE MB Team"]
[WhiteFideId "2075180"]
[BlackFideId "13907000"]
[EventDate "2025.06.11"]
[EventType "team"]

1. e4 e5 2. Nf3 Nc6 3. Bc4 Nf6 4. Ng5 d5 5. exd5 Na5 6. Bb5+ Bd7 7. Qe2 Bd6 8.
Nc3 c6 9. dxc6 Nxc6 10. Nge4 Nxe4 11. Nxe4 Be7 12. c3 O-O 13. O-O Kh8 14. Ng3
Bd6 15. Qd3 Bc7 16. Nf5 a6 17. Ba4 Qe8 18. Bc2 g6 19. Ng3 Rd8 20. Qe2 f5 21. Re1
Qf7 22. d3 Qf6 23. Bh6 Rfe8 24. Qd2 Rc8 25. Bg5 Qg7 26. Rad1 Bd8 27. Bh6 Qf6 28.
d4 e4 29. Nf1 g5 30. d5 Ne5 31. f4 Bb6+ 32. Kh1 Qxh6 33. fxe5 Rxe5 34. c4 Qg7
35. Qb4 Qf6 36. a4 a5 37. Qc3 Bc5 38. Ng3 Bb4 39. Qd4 Bxe1 40. Nh5 Qd6 41. Rxe1
Re8 42. Bb3 b6 43. Rc1 e3 44. Ng3 Qc5 45. Qc3 Kg8 46. Re1 Qb4 47. Qc1 f4 48. Nh5
Qxb3 49. Nf6+ Kg7 50. Nxe8+ Rxe8 51. h4 h6 52. hxg5 hxg5 53. d6 Re4 54. c5 Qc4
55. Qb1 bxc5 56. b3 Qe6 57. Qb2+ Rd4 0-1